Modern political systems : (Record no. 9686)

MARC details
000 -LEADER
fixed length control field 00922pam a2200301 a 4500
001 - CONTROL NUMBER
control field 2804729
005 - DATE AND TIME OF LATEST TRANSACTION
control field 20260507161220.0
008 - FIXED-LENGTH DATA ELEMENTS--GENERAL INFORMATION
fixed length control field 820225s1983 njua b 001 0 eng
010 ## - LIBRARY OF CONGRESS CONTROL NUMBER
LC control number 82003727
020 ## - INTERNATIONAL STANDARD BOOK NUMBER
International Standard Book Number 0135971950
020 ## - INTERNATIONAL STANDARD BOOK NUMBER
International Standard Book Number 9780135971956
035 ## - SYSTEM CONTROL NUMBER
System control number 2804729
040 ## - CATALOGING SOURCE
Original cataloging agency DLC
Transcribing agency IRDP
Modifying agency DLC
043 ## - GEOGRAPHIC AREA CODE
Geographic area code e------
050 00 - LIBRARY OF CONGRESS CALL NUMBER
Classification number JF51
Item number .M6 1983
082 00 - DEWEY DECIMAL CLASSIFICATION NUMBER
Classification number 320.309 4 MOD
Edition number 19
245 00 - TITLE STATEMENT
Title Modern political systems :
Remainder of title Europe /
Statement of responsibility, etc. Roy C. Macridis, editor.
250 ## - EDITION STATEMENT
Edition statement 5th ed.
260 ## - PUBLICATION, DISTRIBUTION, ETC. (IMPRINT)
Place of publication, distribution, etc. Englewood, N.J. :
Name of publisher, distributor, etc. Prentice-Hall,
Date of publication, distribution, etc. c1983.
300 ## - PHYSICAL DESCRIPTION
Extent xiv, 482 p. :
Other physical details ill. ;
Dimensions 24 cm.
504 ## - BIBLIOGRAPHY, ETC. NOTE
Bibliography, etc Includes bibliographies and index.
650 #0 - SUBJECT ADDED ENTRY--TOPICAL TERM
Topical term or geographic name as entry element Comparative government.
651 #0 - SUBJECT ADDED ENTRY--GEOGRAPHIC NAME
Geographic name Europe
General subdivision Politics and government.
700 1# - ADDED ENTRY--PERSONAL NAME
Personal name Macridis, Roy C.
906 ## - LOCAL DATA ELEMENT F, LDF (RLIN)
a 7
b cbc
c orignew
d 1
e ocip
f 19
g y-gencatlg
942 ## - ADDED ENTRY ELEMENTS (KOHA)
Source of classification or shelving scheme Dewey Decimal Classification
Koha item type BOOKS
Holdings
Withdrawn status Lost status Source of classification or shelving scheme Damaged status Not for loan Home library Current library Shelving location Date acquired Total Checkouts Full call number Barcode Date last seen Price effective from Koha item type
    Dewey Decimal Classification     Dodoma Dodoma Ground Floor 07/05/2026   320.309 4 MOD LIB003512 07/05/2026 07/05/2026 BOOKS

IRDP © 2021 :: Managed by ICT Team